Dva na vraždu /
Investigativní sonda do tří brutálních případů české kriminalistiky, v nichž figurují dva viníci. Autoři rekonstruují motivace pachatelů i průběh činů na základě výpovědí svědků, odborníků a vyšetřovacích spisů.
Uloženo v:
| Hlavní autor: | |
|---|---|
| Další autoři: | |
| Médium: | E-kniha |
| Jazyk: | Czech |
| Vydáno: |
V Brně :
Nastole,
2025
|
| Vydání: | 1. vydání |
| Edice: | Skutečné zločiny (Nastole)
|
| Témata: | |
| Tagy: |
Žádné tagy |
| LEADER | 02594nam a2200589 i 4500 | ||
|---|---|---|---|
| 001 | 312805 | ||
| 003 | CZ PrSKC | ||
| 005 | 20260601215729.0 | ||
| 007 | ta | ||
| 008 | 250904s2025 xr ach e 000 0dcze | ||
| 015 | |a cnb003707308 | ||
| 020 | |a 9788074484421 |q (vázáno) : |c Kč 469,00 | ||
| 035 | |a (OCoLC)1549633018 | ||
| 040 | |a OLA001 |b cze |e rda | ||
| 043 | |a e-xr--- | ||
| 045 | |a x-x- | ||
| 072 | 7 | |a 343.9 |x Kriminalistika |2 Konspekt | |
| 080 | |a 343.611 |2 MRF | ||
| 080 | |a 343.3/.7 |2 MRF | ||
| 080 | |a 343.132:351.74 |2 MRF | ||
| 080 | |a (437.3) |2 MRF | ||
| 080 | |a (0:82-96) |2 MRF | ||
| 100 | 1 | |a Říský, Milan, |d 1988- |7 pna20191022262 |4 aut | |
| 245 | 1 | 0 | |a Dva na vraždu / |c Milan Říský, Jan Thomayer |
| 250 | |a 1. vydání | ||
| 264 | 1 | |a V Brně : |b Nastole, |c 2025 | |
| 300 | |a 319 stran : |b ilustrace, portréty, faksimile ; |c 22 cm | ||
| 336 | |a text |b txt |2 rdacontent | ||
| 337 | |a bez média |b n |2 rdamedia | ||
| 338 | |a svazek |b nc |2 rdacarrier | ||
| 490 | 1 | |a Skutečné zločiny | |
| 500 | |a Obálkový podnázev: případy smrtící spolupráce | ||
| 500 | |a Chronologické přehledy | ||
| 504 | |a Obsahuje bibliografie a bibliografické odkazy | ||
| 520 | 2 | |a Investigativní sonda do tří brutálních případů české kriminalistiky, v nichž figurují dva viníci. Autoři rekonstruují motivace pachatelů i průběh činů na základě výpovědí svědků, odborníků a vyšetřovacích spisů. | |
| 648 | 7 | |a 20. století |7 ch460558 |2 czenas | |
| 650 | 0 | 7 | |a vraždy |7 ph116633 |z Česko |y 20. století |2 czenas |
| 650 | 0 | 7 | |a kriminální případy |7 ph121958 |z Česko |y 20. století |2 czenas |
| 650 | 0 | 7 | |a policejní vyšetřování |7 ph158343 |z Česko |y 20. století |2 czenas |
| 650 | 0 | 9 | |a murders |z Czechia |y 20th century |2 eczenas |
| 650 | 0 | 9 | |a criminal cases |z Czechia |y 20th century |2 eczenas |
| 650 | 0 | 9 | |a police enquiry |z Czechia |y 20th century |2 eczenas |
| 655 | 7 | |a literatura faktu |7 fd132773 |2 czenas | |
| 655 | 9 | |a non-fiction |2 eczenas | |
| 700 | 1 | |a Thomayer, Jan |7 xx0336241 |4 aut | |
| 830 | 0 | |a Skutečné zločiny (Nastole) | |
| 900 | |a ABA001 |b 19 | ||
| 928 | 9 | |a Albatros Media - Nastole | |
| 044 | |a xr | ||
| 910 | |a RBIT002 | ||
| 998 | |d 422271 |a https://core.palmknihy.cz/api/books/422271/cover?t25fwt |b https://core.palmknihy.cz/api/books/422271/cover/400?t25fwt |c https://core.palmknihy.cz/api/books/422271/cover/50?t25fwt |e 2035-12-31 |g 320 |i 9788074484421 |j https://core.palmknihy.cz/api/books/422271/preview.epub |k https://core.palmknihy.cz/api/books/422271/preview.pdf |l |q 49 |r 1 |s https://www.palmknihy.cz/kniha/422271 |t ebook |y 2025 |z 0 | ||
| 999 | |d 312803 | ||